| 000 -LEADER |
| fixed length control field |
01306 am a2200373ua 4500 |
| 001 - CONTROL NUMBER |
| control field |
008763931 |
| 003 - CONTROL NUMBER IDENTIFIER |
| control field |
OSt |
| 005 - DATE AND TIME OF LATEST TRANSACTION |
| control field |
20191014153938.0 |
| 008 - FIXED-LENGTH DATA ELEMENTS--GENERAL INFORMATION |
| fixed length control field |
840806s1983 enk | 000 d spa |
| 015 ## - NATIONAL BIBLIOGRAPHY NUMBER |
| National bibliography number |
GB8325006 |
| Source |
bnb |
| 020 ## - INTERNATIONAL STANDARD BOOK NUMBER |
| International Standard Book Number |
0719009502 (pbk) : |
| 020 ## - INTERNATIONAL STANDARD BOOK NUMBER |
| International Standard Book Number |
9780719009501 |
| 039 0# - LEVEL OF BIBLIOGRAPHIC CONTROL AND CODING DETAIL [OBSOLETE] |
| Level of rules in bibliographic description |
1802 |
| 040 ## - CATALOGING SOURCE |
| Original cataloging agency |
Uk |
| Transcribing agency |
Uk |
| 041 0# - LANGUAGE CODE |
| Language code of text/sound track or separate title |
spa |
| Language code of summary or abstract |
eng |
| 082 04 - DEWEY DECIMAL CLASSIFICATION NUMBER |
| Classification number |
862 GAR |
| 100 1# - MAIN ENTRY--PERSONAL NAME |
| Personal name |
García Lorca, Federico, |
| Dates associated with a name |
1898-1936. |
| Relator term |
author |
| 245 13 - TITLE STATEMENT |
| Title |
La casa de Bernarda Alba / |
| Statement of responsibility, etc. |
Federico García Lorca ; edited with introduction, notes and vocabulary by H. Ramsden. |
| 260 ## - PUBLICATION, DISTRIBUTION, ETC. |
| Place of publication, distribution, etc. |
Manchester : |
| Name of publisher, distributor, etc. |
Manchester University Press, |
| Date of publication, distribution, etc. |
1983. |
| 300 ## - PHYSICAL DESCRIPTION |
| Extent |
lxiii,106p. ; |
| Dimensions |
20cm. |
| 336 ## - CONTENT TYPE |
| Content type term |
text |
| Source |
rdacontent |
| 337 ## - MEDIA TYPE |
| Media type term |
unmediated |
| Source |
rdamedia |
| 338 ## - CARRIER TYPE |
| Carrier type term |
volume |
| Source |
rdacarrier |
| 490 1# - SERIES STATEMENT |
| Series statement |
Hispanic Texts |
| 546 ## - LANGUAGE NOTE |
| Language note |
Spanish text, English introduction and notes. |
| 650 #0 - SUBJECT ADDED ENTRY--TOPICAL TERM |
| Topical term or geographic name entry element |
Spanish language |
| General subdivision |
Readers. |
| 653 ## - INDEX TERM--UNCONTROLLED |
| Uncontrolled term |
Drama in Spanish |
| -- |
1900-1945 |
| -- |
Texts |
| 700 1# - ADDED ENTRY--PERSONAL NAME |
| Personal name |
Ramsden, H. |
| Fuller form of name |
(Herbert), |
| Dates associated with a name |
1927- |
| Relator term |
Editor |
| 830 #0 - SERIES ADDED ENTRY--UNIFORM TITLE |
| Uniform title |
Spanish texts. |
| 886 2# - FOREIGN MARC INFORMATION FIELD |
| 2 |
ukmarc |
| a |
900 |
| b |
10 |
| a |
Lorca |
| h |
Federico García |
| x |
See |
| a |
García Lorca, Federico |
| z |
100 |
| 886 2# - FOREIGN MARC INFORMATION FIELD |
| 2 |
ukmarc |
| a |
900 |
| b |
10 |
| a |
Lorca |
| h |
Federico García |
| x |
See |
| a |
García Lorca, Federico, |
| x |
1898-1936 |
| z |
100 |
| 942 ## - ADDED ENTRY ELEMENTS (KOHA) |
| Source of classification or shelving scheme |
|
| Koha item type |
Books - Non Ficton |